000 00520aam a2200205 a 4500
020 _a0851989195 (alk. paper)
082 0 0 _a633.73
_bWIL/CO
100 1 _aWillson, K. C.
245 1 0 _aCoffee, cocoa and tea /
260 _aNew York :
_bCABI Pub.,
_c1999.
300 _axi, 300 p. :
_bill. ;
490 0 _aCrop production science in horticulture series ;
650 0 _aCoffee.
650 0 _aCocoa
650 0 _aTea.
650 0 _aCoffee industry.
650 0 _aCocoa trade.
650 0 _aTea trade.
942 _cBK
999 _c13795
_d13795